ბათუმის შოთა რუსთაველის სახელმწიფო უნივერსიტეტის ბიბლიოთეკა

რუსული პასპორტები და რუსეთის ფედერაციის მოქალაქეობის საკითხები საქართველოს კონფლიქტურ რეგიონებში / (ბიბ.ჩანაწერი № 39988)

000 -ლიდერი
ფიქსირებული სიგრძის საკონტროლო ველი 01508nam a2200277Ia 4500
001 - საკონტროლო ნომერი
საკონტროლო ველი 6594
003 - საკონტროლო ნომრის იდენტიფიკატორი
საკონტროლო ველი GE_BSU
005 - ბოლო ოპერაციის თარიღი და დრო
საკონტროლო ველი 20191202172936.0
008 - ფიქსირებული სიგრძის მონაცემთა ელემენტები - ზოგადი ინფორმაცია
ფიქსირებული სიგრძის საკონტროლო ველი 181216s2008||||ge |||||||||||||| ||geo||
040 ## - კატალოგიზაციის წყარო
Transcribing agency GE_BSU
041 ## - ენის კოდი
Language code of text/sound track or separate title geo
080 ## - უნივერსალური ათობითი კლასიფიკაციის ინდექსი
Universal Decimal Classification number 342.9(075.8) ნ-21
100 ## - მთავარი ჩანაწერი - პიროვნების სახელი
Personal name ნაკაშიძე, მალხაზ
9 (RLIN) 2936
245 ## - ცნობა სათაურის შესახებ
Title რუსული პასპორტები და რუსეთის ფედერაციის მოქალაქეობის საკითხები საქართველოს კონფლიქტურ რეგიონებში /
Statement of responsibility, etc მალხაზ ნაკაშიძე.
260 ## - გამოქვეყნების, გავრცელების, და სხვა. ცნობები
Place of publication, distribution, etc ბათუმი.
260 ## - გამოქვეყნების, გავრცელების, და სხვა. ცნობები
Name of publisher, distributor, etc შოთა რუსთაველის სახ.უნ-ტი
260 ## - გამოქვეყნების, გავრცელების, და სხვა. ცნობები
Date of publication, distribution, etc 2008.
300 ## - ფიზიკური აღწერა
Extent 171 გვ.;
Other physical details 20 სმ.
500 ## - ზოგადი შენიშვნა
General note ანოტაცია ინგლ. და რუს. ენ..
504 ## - BIBLIOGRAPHY, ETC. NOTE
Bibliography, etc ბიბლიოგრ.: გვ. 164.
653 ## - INDEX TERM--UNCONTROLLED
Uncontrolled term ქართულ-რუსული კონფლიქტი
653 ## - INDEX TERM--UNCONTROLLED
Uncontrolled term რუსეთის მოქალაქეობა საქართველოს კონფლიქტურ რეგიონებში
653 ## - INDEX TERM--UNCONTROLLED
Uncontrolled term რუსული პასპორტების დარიგება აფხაზეთში
653 ## - INDEX TERM--UNCONTROLLED
Uncontrolled term რუსული პასპორტების დარიგება სამხრეთ ოსეთში
942 ## - ADDED ENTRY ELEMENTS (KOHA)
Koha item type წიგნი
Source of classification or shelving scheme
ეგზემპლარები
ჩამოწერის სტატუსი დაკარგული ეგზემპლარის სტატუსი კლასიფიკაციის წყარო ან თაროზე გაწყობის სქემა დაზიანების სტატუსი არ გაიცემა მუდმივი მდებარეობა (დაცვის ადგილი) ამჟამინდელი ადგილსამყოფელი თაროზე განთავსების ადგილი შეძენის თარიღი ღირებულება, შესყიდვის ნორმალური ფასი სრული შენახვის შიფრი შტრიხკოდი ბოლო ოპერაციის თარიღი ეგზემპლარის მიმდევრობითი ნომერი (კეტერი?) ფასის ძალაში შესვლის თარიღი ეგზემპლარის სახეობა საჯარო შენიშვნა
          ბათუმის შოთა რუსთაველის სახელმწიფო უნივერსიტეტის მთავარი ბიბლიოთეკა ბათუმის შოთა რუსთაველის სახელმწიფო უნივერსიტეტის მთავარი ბიბლიოთეკა წიგნსაცავი 2018-12-17 6.00 342.9(075.8) ნ-21 6983 2018-12-17 6983 2018-12-17 წიგნი 6.00
          ბათუმის შოთა რუსთაველის სახელმწიფო უნივერსიტეტის მთავარი ბიბლიოთეკა ბათუმის შოთა რუსთაველის სახელმწიფო უნივერსიტეტის მთავარი ბიბლიოთეკა წიგნსაცავი 2023-02-16 6.00 342.9(075.8) ნ-21 63832 2023-02-16 63832 2023-02-16 წიგნი 6.00
          ბათუმის შოთა რუსთაველის სახელმწიფო უნივერსიტეტის მთავარი ბიბლიოთეკა ბათუმის შოთა რუსთაველის სახელმწიფო უნივერსიტეტის მთავარი ბიბლიოთეკა წიგნსაცავი 2023-03-01 6.00 342.9(075.8) ნ-21 63964 2023-03-01 63964 2023-03-01 წიგნი 6.00
          ბათუმის შოთა რუსთაველის სახელმწიფო უნივერსიტეტის მთავარი ბიბლიოთეკა ბათუმის შოთა რუსთაველის სახელმწიფო უნივერსიტეტის მთავარი ბიბლიოთეკა წიგნსაცავი 2023-03-01 6.00 342.9(075.8) ნ-21 63965 2023-03-01 63965 2023-03-01 წიგნი 6.00
          ბათუმის შოთა რუსთაველის სახელმწიფო უნივერსიტეტის მთავარი ბიბლიოთეკა ბათუმის შოთა რუსთაველის სახელმწიფო უნივერსიტეტის მთავარი ბიბლიოთეკა წიგნსაცავი 2023-03-01 6.00 342.9(075.8) ნ-21 63966 2023-03-01 63966 2023-03-01 წიგნი 6.00
          ბათუმის შოთა რუსთაველის სახელმწიფო უნივერსიტეტის მთავარი ბიბლიოთეკა ბათუმის შოთა რუსთაველის სახელმწიფო უნივერსიტეტის მთავარი ბიბლიოთეკა წიგნსაცავი 2023-03-01 6.00 342.9(075.8) ნ-21 63967 2023-03-01 63967 2023-03-01 წიგნი 6.00